[Event "Oberliga Sued W 0910"]
[Site "Germany"]
[Date "2009.12.13"]
[Round "4.8"]
[White "Fuess, Friedrich"]
[Black "Loos, Udo"]
[Result "1/2-1/2"]
[WhiteElo "2067"]
[BlackElo "2077"]
[PlyCount "55"]
[EventDate "2009.10.18"]
[EventType "team-tourn"]
[EventRounds "9"]
[EventCountry "GER"]
[SourceTitle "EXT 2011"]
[Source "ChessBase"]
[SourceDate "2010.11.26"]
[SourceVersion "1"]
[SourceVersionDate "2010.11.26"]
[SourceQuality "1"]
[WhiteTeam "Ludwigshafen"]
[BlackTeam "Frankenthal"]
[WhiteTeamCountry "GER"]
[BlackTeamCountry "GER"]

1. d4 d5 2. c4 e6 3. Nf3 Nf6 4. g3 Be7 5. Bg2 0-0 6. 0-0 dxc4 7. Qc2 a6 8. a4 Ra7 9. Bf4 b6 10. Na3 Bb7 11. Nxc4 Nc6 12. Rfd1 Nb4 13. Qc1 Qc8 14. a5 b5 15. Nce5 Be4 16. Nd2 Bxg2 17. Kxg2 c5 18. dxc5 Bxc5 19. Nb3 Be7 20. Qxc8 Rxc8 21. Rac1 Raa8 22. Be3 Nfd5 23. Bc5 Bxc5 24. Rxc5 Rxc5 25. Nxc5 Rc8 26. Ned7 Nc6 27. e4 Ndb4 28. Nb6 1/2-1/2

[Event "Oberliga Sued W 0910"]
[Site "Germany"]
[Date "2009.10.18"]
[Round "1.7"]
[White "Silber, Gerhard"]
[Black "Fuess, Friedrich"]
[Result "1/2-1/2"]
[WhiteElo "2232"]
[BlackElo "2067"]
[PlyCount "31"]
[EventDate "2009.10.18"]
[EventType "team-tourn"]
[EventRounds "9"]
[EventCountry "GER"]
[SourceTitle "EXT 2011"]
[Source "ChessBase"]
[SourceDate "2010.11.26"]
[SourceVersion "1"]
[SourceVersionDate "2010.11.26"]
[SourceQuality "1"]
[WhiteTeam "Landau"]
[BlackTeam "Ludwigshafen"]
[WhiteTeamCountry "GER"]
[BlackTeamCountry "GER"]

1. d4 Nf6 2. Bg5 Ne4 3. Bf4 c5 4. f3 Nf6 5. dxc5 e5 6. Bxe5 Bxc5 7. Bd6 Qb6 8. Bxc5 Qxc5 9. Nd2 Nc6 10. Nb3 Qe5 11. c3 0-0 12. Nh3 d5 13. Nf2 Bf5 14. g4 Bg6 15. h4 h5 16. g5 1/2-1/2